000 00313nam a2200121Ia 4500
008 180117s9999 xx 000 0 und d
100 _aby Ana Valenzuela
245 4 _aThe Manila- Acapulco Galleons
260 _c2017
300 _a8-10 pages, 2017 March 5
440 _aPhilippine Panorama
650 _aGALLEONS
999 _c353354
_d353354